University Home | Library Home | Institutional Repository

The two souls of socilaism. (Record no. 181437)

MARC details
000 -LEADER
fixed length control field 00629cam2a220021700 4500
001 - CONTROL NUMBER
control field tmp15460057
003 - CONTROL NUMBER IDENTIFIER
control field UPRA
005 - DATE AND TIME OF LATEST TRANSACTION
control field 20190830100107.0
008 - FIXED-LENGTH DATA ELEMENTS--GENERAL INFORMATION
fixed length control field 950821c19681966nyu eng u
035 ## - SYSTEM CONTROL NUMBER
System control number (Sirsi) r108900
035 ## - SYSTEM CONTROL NUMBER
System control number (UPRA)tmp15460057
040 ## - CATALOGING SOURCE
Transcribing agency UPRA
100 1# - MAIN ENTRY--PERSONAL NAME
Personal name Draper, Hal.
Linkage A60757.1
245 14 - TITLE STATEMENT
Title The two souls of socilaism.
260 ## - PUBLICATION, DISTRIBUTION, ETC.
Place of publication, distribution, etc. New York :
Name of publisher, distributor, etc. Independent Socialist Clubs of America,
Date of publication, distribution, etc. [1968, c1966]
440 #0 - SERIES STATEMENT/ADDED ENTRY--TITLE
Title Pamphlet ;
Volume/sequential designation no. 3
Linkage S10809.1
650 #0 - SUBJECT ADDED ENTRY--TOPICAL TERM
Topical term or geographic name entry element Socialism.
Linkage S2831.1
949 ## - LOCAL PROCESSING INFORMATION (OCLC)
a HX86
w lcc
i -155278
m MAIN
t BOOK
l ON-SHELF
987 ## - LOCAL ROMANIZATION/CONVERSION HISTORY (OCLC)
Romanization/conversion identifier 245 : socilaism : typo?

No items available.

© 2026 - The University of Zambia Library - Koha v25.11